Gestin̤ de Proyectos con enfoque PMI. Uso de Project y Excel 2013 (Tercera edicin̤) /

Detalles Bibliográficos
Autor principal: Toro Lp̤ez, Francisco J.
Formato: eBook
Lenguaje:español
Publicado: Bogot:̀ ECOE, 2014
Materias:
Acceso en línea:Acceso restringido

MARC

LEADER 00000nam a22000007a 4500
005 20140603205134.0
007 cr|||| ||||
008 140603s2014 co |||||s|||| 00||0 spa d
020 |a 978-958-771-047-2 
035 |a 12188 
040 |a vLex 
090 |c 4982  |d 4982 
100 1 |a Toro Lp̤ez, Francisco J. 
245 1 0 |a Gestin̤ de Proyectos con enfoque PMI.  |h [Recurso electrn̤ico] :  |b Uso de Project y Excel 2013 (Tercera edicin̤) /  |c Francisco J. Toro Lp̤ez 
256 |a Servicio en ln̕ea 
260 |a Bogot:̀  |b ECOE,  |c 2014 
300 |a 1 recurso electrn̤ico 
506 1 |a Disponible solo en los productos indicados  |d vLex Global  |d vLex Global (Academic Edition, excluding Law Schools)  |d vLex Global (U.S. Academic Edition, Law Schools)  |d vLex Global (U.S. Academic Edition, excluding Law Schools)  |d vLex Global (Academic Edition, Law Schools) 
650 0 4 |a Administracin̤ (Management)  |z Colombia 
740 0 |a vLex Libros (Servicio en ln̕ea) 
856 4 0 |u http://vlex.com/source/gestion-proyectos-enfoque-pmi-uso-project-y-excel-2013-tercera-edicion--12188  |z Acceso restringido 
942 |c BOOK 
999 0 |a Administration (Management)